000 00255nam a2200109Ia 4500
005 20251222114408.0
008 251222s1900||||xx |||||||||||||| ||spa||
082 _aDVD0010/S82/1986
245 0 _aPelotón
264 _bHemdale Film Corporation
942 _cDVD
999 _c1912
_d1912